[Event "40th Eastman Open Ghent"]
[Site "Ghent"]
[Date "2017.07.15"]
[Round "2.2"]
[White "Epishin, Vladimir"]
[Black "Schoffelmeer, Frans"]
[Result "1-0"]
[WhiteElo "2541"]
[BlackElo "2064"]
[Annotator "TA"]
[PlyCount "59"]
[EventDate "2017.??.??"]
[EventType "swiss"]
[EventCountry "BEL"]
[SourceTitle "playchess.com"]
[Source "ChessBase"]
[SourceQuality "1"]

{[%evp 15,59,36,38,19,11,11,17,26,21,0,0,13,31,30,41,44,43,41,62,76,101,88,91,76,75,77,73,83,87,84,79,64,138,140,130,112,214,208,201,183,341,330,327,322,1446,797]} 1. d4 Nf6 2. Nf3 e6 3. c4 Bb4+ 4. Bd2 Qe7 5. g3 Nc6 6. Nc3 O-O 7. Bg2 d6 8. O-O a5 {LiveBook: 42 Games} 9. Bg5 {Threatens to win with Bxf6. E11: Bogo-Indian} (9. Rc1 Bxc3 10. Bxc3 e5 11. d5 Nb8 12. c5 Nbd7 13. cxd6 cxd6 14. Nd2 b5 15. b3 Nb6 16. e4 b4 17. Bb2 Ba6 18. Re1 {½-½ (32) Riazantsev,A (2671)-Bologan,V (2640) Doha 2016}) 9... Bxc3 $1 10. bxc3 h6 11. Bxf6 {The position is equal.} Qxf6 12. Nd2 $146 ({Predecessor:} 12. Rb1 e5 13. e3 Ra7 14. Nd2 Bf5 15. Rb5 Qg6 16. f4 Bc2 {1-0 (41) Woznica,M-Zalewski,L Poland 1998}) 12... e5 13. e3 Re8 14. Rb1 Ra7 15. Qa4 {[#] d5 is the strong threat.} Bd7 16. c5 Qe7 17. cxd6 cxd6 18. Qa3 b5 {[#]} 19. d5 $1 {[%cal Rd5c6]} Nd8 20. c4 bxc4 21. Nxc4 Nb7 22. Rfc1 Rc8 23. e4 f5 ({Black should play} 23... Nc5 $14) 24. exf5 $16 Bxf5 25. Rb6 Qd8 (25... Rd8 $16 26. Re1 Qf8) 26. Rc6 $18 Qf8 27. Qe3 Nc5 $2 (27... Rca8 28. Rc7 Nc5 29. Rxa7 Rxa7 30. Nxd6 Qxd6) 28. Nxd6 Rxc6 29. dxc6 Nd3 $2 (29... Qxd6 30. Qxc5 Qxc5 31. Rxc5 g6 32. Rxe5 a4) 30. Rf1 {Precision: White = 65%, Black = 23%.} 1-0

[Event "40th Eastman Open Ghent"]
[Site "Ghent"]
[Date "2017.07.15"]
[Round "2.3"]
[White "Wubben, Marcel"]
[Black "Michiels, Bart"]
[Result "0-1"]
[WhiteElo "2061"]
[BlackElo "2536"]
[Annotator "TA"]
[PlyCount "64"]
[EventDate "2017.??.??"]
[EventType "swiss"]
[EventCountry "BEL"]
[SourceTitle "playchess.com"]
[Source "ChessBase"]
[SourceQuality "1"]

{[%evp 15,64,-4,-4,-27,-17,-16,-18,-10,-9,-7,-13,-5,7,7,0,0,3,9,6,4,16,2,26,26,20,-10,-16,-30,-32,-44,-44,-88,-79,-84,-85,-94,-105,-98,-88,-164,-81,-477,-480,-478,-499,-490,-471,-569,-561,-684,-673]} 1. d4 d5 2. c4 e6 3. Nc3 Be7 4. Nf3 Nf6 5. Bg5 Nbd7 6. e3 O-O 7. Qc2 h6 8. Bf4 c5 {LiveBook: 10 Games. D61: Queen's Gambit Declined: Classical: 7 Qc2} (8... dxc4 9. Bxc4 Nb6 10. Bb3 Nbd5 11. O-O Nxf4 12. exf4 c5 13. dxc5 Qc7 14. Rfd1 Qxf4 15. Nb5 Qb4 16. Nd6 {½-½ (24) Salem,A (2531)-Grachev,B (2683) Biel 2013}) 9. cxd5 cxd4 10. exd4 Nxd5 {The position is equal.} 11. Nxd5 exd5 12. Be2 Bb4+ 13. Bd2 Bd6 14. O-O Nf6 $146 ({Predecessor:} 14... Re8 15. Rfe1 Nf6 16. Bd3 {½-½ (63) Bezold,M (2395)-Lengyel,B (2350) Budapest 1993}) 15. Bd3 Qb6 16. Bc3 Be6 17. Rfe1 Rfc8 18. Qd2 Ne4 19. Bxe4 dxe4 20. d5 Bf5 $36 {[%mdl 2048] Black has the initiative.} 21. Nd4 Bg6 22. a4 a6 23. Rac1 Qc7 24. g3 Qc4 25. Ne2 {[#] Bxg7! is the strong threat.} Qxa4 26. Nf4 Bf5 27. b3 (27. h3 $17) 27... Qe8 (27... Qxb3 $19 {is more deadly. Hoping for ...Ba3.} 28. Ne2 Bg4) 28. Bxg7 $2 {[%mdl 8192]} (28. Ng2 $17) 28... Kxg7 $19 {[%cal Bg8g7,Bg7g6,Bg6h7][%mdl 32] Black is clearly winning.} 29. Nh5+ Kg6 30. Nf4+ Kh7 31. Nh5 {[#] Threatens to win with Nf6+.} Qe7 32. Rxc8 Rxc8 {Precision: White = 39%, Black = 78%.} 0-1

[Event "40th Eastman Open Ghent"]
[Site "Ghent"]
[Date "2017.07.15"]
[Round "2.4"]
[White "Dgebuadze, Alexandre"]
[Black "Spruit, Paul"]
[Result "1-0"]
[WhiteElo "2524"]
[BlackElo "2055"]
[Annotator "TA"]
[PlyCount "145"]
[EventDate "2017.??.??"]
[EventType "swiss"]
[EventCountry "BEL"]
[SourceTitle "playchess.com"]
[Source "ChessBase"]
[SourceQuality "1"]

{[%evp 14,145,42,43,27,30,79,45,73,56,56,35,66,57,83,91,59,12,25,16,45,24,24,24,36,20,21,-21,-19,-19,-33,-13,-39,-25,0,0,0,0,3,4,10,0,9,0,4,0,0,0,0,0,0,0,0,0,0,0,0,0,0,0,0,0,0,0,0,0,0,0,0,0,0,0,0,0,0,0,0,0,0,0,1519,1410,12842,12842,12843,12843,12844,12844,12845,12843,12843,0,0,0,0,0,0,0,0,0,0,0,0,0,0,0,0,0,0,0,0,0,0,0,0,0,0,0,0,0,0,0,0,0,0,0,12840,12840,12841,12841,12841,12842,12848,12845]} 1. e4 g6 2. d4 c6 3. Nf3 d6 4. Nc3 Nf6 5. Bf4 Bg7 6. Qd2 O-O 7. Bh6 Nbd7 8. O-O-O Qa5 {B08: Pirc Defence: Classical System} (8... b5 9. Bd3 e5 10. h4 Bxh6 11. Qxh6 Qe7 12. h5 exd4 13. Nxd4 Ne5 14. Qg5 Nd5 15. Qxe7 Nxe7 16. Be2 {1-0 (53) Alekseenko,K (2445)-Basso,P (2303) Al Ain 2013}) 9. Kb1 Re8 10. Bxg7 Kxg7 {White is slightly better.} 11. h4 h5 $1 12. a3 $146 ({Predecessor:} 12. Bd3 e5 13. Qg5 Ng4 14. Rhf1 b5 15. Ne2 f6 16. Qc1 {0-1 (60) Krupa,K (2116)-Siembab,B (2210) Polanica Zdroj 2007}) 12... e5 13. Bc4 exd4 14. Qxd4 Qc5 15. Rhe1 Qxd4 16. Nxd4 Nb6 17. Bb3 Bd7 18. Nf3 d5 {[%cal Rf6e4]} 19. exd5 cxd5 20. Nxd5 Nfxd5 21. Bxd5 Nxd5 22. Rxd5 Bc6 $1 {[%cal Rc6d5]} 23. Rdd1 Rxe1 24. Nxe1 $11 {[%mdl 4096] Endgame KRB-KRN} Re8 25. g3 Re2 26. Nd3 Be4 27. Kc1 Bxd3 28. Rxd3 Rxf2 {KR-KR} 29. Rd7 Rf1+ 30. Kd2 Rf2+ 31. Ke3 Rxc2 32. Rxb7 Rg2 33. Kf3 Rc2 34. a4 a5 35. Rb5 Rc4 36. Rxa5 Rb4 37. Re5 Rxb2 38. Re2 (38. Rb5 $5 {[%cal Rb5b2]} Ra2 39. a5 $11) 38... Rb6 39. a5 Ra6 40. Re5 Rc6 41. Re3 Kf6 42. Kf4 Rc4+ 43. Re4 Rc6 44. Rb4 {[#] Threatens to win with Rb6.} Ke7 45. Rb7+ Ke8 46. Rb6 Rc4+ $2 {[%mdl 8192]} (46... Rc5 $11) 47. Ke5 $18 Rc3 48. a6 Ra3 49. Kf6 Rf3+ {[#]} 50. Kg7 $1 Ra3 51. Rb8+ Ke7 52. Ra8 $2 (52. Rb7+ $18 Ke6 53. Rxf7) 52... Ke6 $11 53. Ra7 Kf5 54. Kxf7 ({Don't take} 54. Rxf7+ $6 Kg4 $16) 54... g5 55. hxg5 Kxg5 56. Ra8 Kg4 57. Rg8+ (57. a7 $5 {[%cal Ra8g8]} Kxg3 58. Kf6 $11) 57... Kh3 58. Rg6 (58. g4 $5) 58... Ra1 59. Ke7 (59. g4 $5 hxg4 60. Ke7 $17 (60. Rh6+ Kg3 $17)) 59... Ra3 60. Kd7 (60. Rh6 $5 {[%cal Rh6h5]} Kxg3 61. Rxh5 Rxa6 62. Kf7 $11) 60... Ra1 61. Ke7 (61. Rh6 {feels hotter.} Kxg3 62. Rg6+ Kf4) 61... Ra3 62. Kf7 (62. g4 $5 h4 63. Kd7 $11) 62... Ra1 63. Kg7 (63. g4 $5 hxg4 64. Rh6+ Kg3 65. Rc6 $11) 63... Ra3 64. Kh6 Ra5 $1 65. Kh7 (65. a7 $5) 65... Ra3 66. Kg8 (66. g4 $5 hxg4 67. Rh6+ Kg2 68. Kg7 $19) 66... Ra1 67. Kf8 (67. g4 $5 hxg4 68. Rh6+ Kg3 69. Kf7 $15) 67... Rf1+ 68. Ke8 Re1+ 69. Kd8 Rd1+ $2 {[%mdl 8192]} (69... Ra1 $11) 70. Kc7 {White is clearly winning.} Ra1 71. Kb7 Rb1+ 72. Rb6 Ra1 73. Rb3 {Precision: White = 63%, Black = 65%.} 1-0

[Event "40th Eastman Open Ghent"]
[Site "Ghent"]
[Date "2017.07.15"]
[Round "2.5"]
[White "Hoogendoorn, Fre"]
[Black "Kovalev, Andrei"]
[Result "0-1"]
[WhiteElo "2044"]
[BlackElo "2517"]
[Annotator "TA"]
[PlyCount "74"]
[EventDate "2017.??.??"]
[EventType "swiss"]
[EventCountry "BEL"]
[SourceTitle "playchess.com"]
[Source "ChessBase"]
[SourceQuality "1"]

{[%evp 9,74,23,27,16,24,19,18,15,13,-65,-58,-105,-40,-76,-71,-68,-77,-72,-70,-75,-75,-64,-49,-58,-45,-57,-25,-44,-19,-72,-55,-91,-101,-94,-98,-111,-54,-58,-43,-43,-45,-46,-37,-38,0,-100,-112,-103,-110,-129,-127,-131,-89,-146,-151,-147,-142,-354,-331,-345,-328,-389,-286,-266,-265,-656,-640]} 1. d4 Nf6 2. Bf4 d6 3. Nc3 c6 (3... g6 4. e4 Bg7 5. Qd2 Nc6 6. Nf3 Bg4 7. d5 Nb8 8. Be2 Nbd7 9. h3 Bxf3 10. Bxf3 c5 11. O-O a6 12. a4 O-O 13. Rfe1 {1-0 (39) Wei,Y (2707)-Mamedov,R (2688) Doha 2016}) 4. Qd2 b5 5. a3 $146 ({Predecessor:} 5. e4 b4 6. Nd1 Nxe4 7. Qxb4 Na6 8. Qa4 Qb6 9. d5 Qb4+ 10. Qxb4 Nxb4 {0-1 (34) Hoppe,M (1743)-Kucera,T (1985) Prague 2014}) 5... Nbd7 6. Nf3 {A45: Trompowsky Attack} Qc7 7. e4 {aiming for e5.} e5 8. Bg3 {The position is equal.} Be7 9. d5 (9. dxe5 $11 Nxe5 10. Be2) 9... a6 10. Bh4 {[#]} Bb7 ({Black should try} 10... cxd5 $1 $17 11. exd5 h6) 11. Bxf6 Nxf6 12. dxc6 Bxc6 13. Bd3 Qb7 {[%cal Rf6e4]} 14. Qe2 O-O 15. O-O Nh5 16. g3 $1 Nf6 17. Nd2 Rfe8 18. Rfe1 Bd8 {[%cal Be7d8,Bd8b6,Bb6d4][%mdl 32]} 19. Nf1 (19. b4 $11) 19... Bb6 20. h3 Bd4 21. g4 h6 22. Ng3 Qc7 (22... Bxc3 $17 23. bxc3 d5) 23. Qd2 $1 $15 Nh7 24. Bf1 Ng5 {[#] Strongly threatening ...Nf3+.} 25. Bg2 a5 {[%cal Ba6a5,Ba5b4,Bb4b3][%mdl 32]} 26. Nf5 b4 (26... Bxc3 $5 27. Qxc3 Ne6 $11) 27. Nd1 (27. axb4 $11 axb4 28. Rxa8 Rxa8 29. Nd5 Bxd5 30. Nxd4) 27... Bc5 $36 {[%mdl 2048] White is under strong pressure.} 28. axb4 axb4 29. Rxa8 Rxa8 {[%cal Be8a8,Ba8a2,Ba2a4][%mdl 32]} 30. c3 b3 31. h4 (31. Nde3 $142) 31... Ne6 {[%cal Bg5e6,Be6f4,Bf4h3,Bh3f2][%mdl 32]} 32. Nde3 Nf4 33. Nd5 $2 (33. Qd1 $17) 33... Bxd5 $1 $19 34. exd5 Ra2 35. Be4 Nh3+ 36. Kh2 Nxf2 37. Bb1 $2 (37. Bf3) 37... Ra4 {Precision: White = 43%, Black = 62%.} 0-1

[Event "40th Eastman Open Ghent"]
[Site "Ghent"]
[Date "2017.07.15"]
[Round "2.6"]
[White "Ward, Chris G"]
[Black "Vreugdenhil, Frans"]
[Result "1-0"]
[WhiteElo "2441"]
[BlackElo "2040"]
[Annotator "TA"]
[PlyCount "101"]
[EventDate "2017.??.??"]
[EventType "swiss"]
[EventCountry "BEL"]
[SourceTitle "playchess.com"]
[Source "ChessBase"]
[SourceQuality "1"]

{[%evp 13,101,-9,26,23,21,5,8,0,12,6,16,5,10,-10,16,8,26,26,24,-43,-26,-73,9,5,29,27,29,15,30,30,31,27,44,44,44,44,44,44,44,44,44,26,44,44,44,44,44,44,60,60,54,47,100,75,64,58,65,47,65,38,63,29,30,34,26,18,71,1,5,6,54,58,81,5,8,0,0,0,52,44,41,50,81,83,105,114,77,35,29986,29987]} 1. d4 d5 2. c4 c6 3. Nc3 Nf6 4. Nf3 dxc4 5. a4 Bf5 6. e3 e6 7. a5 Bd3 8. Bxd3 {D18: Slav Defence: 5 a4 Bf5 6 e3} cxd3 9. Qb3 Qc8 10. Ne5 $146 {The position is equal.} ({Find the theoretical novelty and annotate with similar games:} 10. O-O Be7 11. e4 Nfd7 12. e5 h6 13. Be3 Na6 14. Ne4 O-O 15. Nfd2 c5 {0-1 (31) Kiese,M (2252)-Malakhatko,V (2543) Werther 2004}) 10... Be7 11. O-O O-O 12. Nxd3 Rd8 13. Na4 Na6 14. Bd2 Rb8 15. Rfc1 Qd7 16. Bb4 ({White should play} 16. Qc2 $11) 16... Nxb4 $15 17. Nxb4 {[#]} Bxb4 (17... e5 $1 $17 {[%mdl 512]} 18. dxe5 Ng4) 18. Qxb4 $11 a6 19. Nc5 Qc8 20. Nd3 Nd5 21. Qc5 Qd7 22. Ra3 Qd6 23. Rb3 Nc7 24. Qxd6 Rxd6 25. Nc5 Nb5 26. f4 h5 27. Kf2 Kh7 28. g3 {[%cal Bg2g3,Bg3f4][%mdl 32]} Rd5 29. h3 Kh6 30. Rb4 g5 31. Ne4 gxf4 32. gxf4 Nd6 (32... Rdd8 $14) 33. Nxd6 (33. Nc5 {keeps more tension.} Nb5 34. Rg1 Rd6 35. Kf3 Rdd8 36. h4) 33... Rxd6 $16 {[%mdl 4096] Endgame KRR-KRR} 34. Rc5 f5 35. h4 Kg6 36. Kf3 Kf6 37. e4 fxe4+ $1 38. Kxe4 Rd5 {[#]} 39. Rxc6 $1 {[%mdl 512]} Rxa5 {[#]} (39... bxc6 $11 {remains equal.} 40. Rxb8 Rxa5) 40. Rcb6 (40. Rd6 $1 $16) 40... Rc8 41. Rxb7 Rc1 42. Rh7 Re1+ 43. Kd3 ({Better is} 43. Kf3 $16) 43... Rd5 $11 44. Rbb7 (44. f5 $5 {[%cal Rf5e6]} e5 45. Rxh5 $11) 44... Rd1+ 45. Ke3 R1xd4 (45... R5xd4 $11 46. Rh6+ (46. Rxh5 R1d3+ 47. Ke2 Rd2+ 48. Kf3 R4d3+ 49. Ke4 Rd4+ 50. Kf3 R4d3+ 51. Ke4 Rd4+ 52. Kf3 $11) 46... Kf5) 46. Rh6+ $14 Kf5 {aiming for ...Re4+.} 47. Rxh5+ Kg4 48. Rg5+ Kh3 49. Rxd5 Rxd5 50. Rb6 (50. h5 $5 Rxh5 51. Kf3 $16) 50... Rb5 $2 {[%mdl 8192]} (50... Rd1 $14) 51. Rxb5 {Precision: White = 61%, Black = 35%.} 1-0

[Event "40th Eastman Open Ghent"]
[Site "Ghent"]
[Date "2017.07.15"]
[Round "2.7"]
[White "De Coninck, Erik"]
[Black "Docx, Stefan"]
[Result "0-1"]
[WhiteElo "2032"]
[BlackElo "2427"]
[Annotator "TA"]
[PlyCount "80"]
[EventDate "2017.??.??"]
[EventType "swiss"]
[EventCountry "BEL"]
[SourceTitle "playchess.com"]
[Source "ChessBase"]
[SourceQuality "1"]

1. Nf3 {Program Activation Required} d5 2. g3 c5 3. Bg2 Nf6 4. O-O e6 5. d3 Nc6 6. Nbd2 b6 7. Re1 Bb7 8. c3 Qc7 9. e4 Be7 10. Nf1 d4 {C00: French: Unusual White 2nd moves} (10... dxe4 11. dxe4 Rd8 12. Qe2 Qc8 13. e5 Ba6 14. Qe3 Nd7 15. Qe4 Nf8 16. Ng5 Bb7 17. Qf4 Bxg5 18. Qxg5 Ng6 19. h4 O-O {1-0 (64) Carlsen,M (2853)-Nakamura,H (2787) chess.com INT 2016}) 11. cxd4 cxd4 12. Qa4 O-O $146 ({NOTEXT:} 12... e5 13. Bg5 Nd7 14. Bxe7 Kxe7 15. Qa3+ Qd6 16. Qxd6+ Kxd6 17. N1d2 Ba6 18. Nc4+ Bxc4 19. dxc4 {0-1 (60) Matthey,H (2305)-Bischoff,K (2545) St Ingbert 1998}) 13. Nxd4 Nxd4 14. Qxd4 Rfd8 15. Qc4 Qd7 16. e5 Nd5 17. Ne3 Nb4 18. Bxb7 Qxb7 19. Rd1 Rac8 20. Qe4 Qa6 21. Bd2 Nxd3 22. Bc3 h6 23. Rd2 Nc5 24. Rxd8+ Rxd8 25. Qc4 b5 26. Qe2 Ne4 27. a4 Nxc3 28. bxc3 Qa5 29. Qxb5 Qxc3 30. Rb1 Bc5 31. Nc4 Qc2 32. Rb2 Rd1+ 33. Kg2 Qe4+ 34. Kh3 Qf5+ 35. Kg2 Rd5 36. Ne3 Qe4+ 37. Kh3 Rxe5 38. Qe8+ Bf8 39. Ng2 Rh5+ 40. Nh4 Rxh4+ 0-1

[Event "40th Eastman Open Ghent"]
[Site "Ghent"]
[Date "2017.07.15"]
[Round "2.8"]
[White "Hunt, Adam C"]
[Black "De Haas, Wouter"]
[Result "0-1"]
[WhiteElo "2424"]
[BlackElo "2032"]
[Annotator "TA"]
[PlyCount "140"]
[EventDate "2017.??.??"]
[EventType "swiss"]
[EventCountry "BEL"]
[SourceTitle "playchess.com"]
[Source "ChessBase"]
[SourceQuality "1"]

1. e4 {Program Activation Required} e5 2. Nf3 Nc6 3. Bb5 Nf6 4. d3 Bc5 5. O-O d6 6. c3 a6 7. Ba4 b5 {C78: Ruy Lopez: Archangelsk and Möller Defences} (7... Ba7 8. Re1 O-O 9. h3 Ne7 10. Nbd2 Ng6 11. Nf1 c6 12. Ng3 {½-½ (12) Grischuk,A (2750)-Tomashevsky,E (2696) Moscow 2017}) 8. Bc2 Bb6 9. h3 Bb7 10. Re1 Ne7 $146 ({NOTEXT:} 10... O-O 11. Bg5 h6 12. Bh4 g5 13. Bg3 Nh5 14. Nxe5 Nxg3 15. Nxc6 Bxc6 {½-½ (41) Loukachev,N (1999)-Steimer,M (2178) France 2005}) 11. Nbd2 c5 12. Nf1 Ng6 13. Ng3 O-O 14. Nh2 Qc7 15. Qf3 d5 16. Bg5 dxe4 17. dxe4 Nd7 18. Nf5 f6 19. Bc1 Rad8 20. h4 Nb8 21. Qg3 Nf4 22. Ng4 Kh8 23. Nge3 c4 24. Qg4 Qf7 25. b3 cxb3 26. axb3 Rd7 27. Ba3 Rfd8 28. Rad1 Rxd1 29. Rxd1 Rxd1+ 30. Qxd1 Qd7 31. Nd6 Ba8 32. g3 Bxe3 33. fxe3 Ne6 34. c4 Nc7 35. Qd3 g6 36. Kh2 Kg7 37. Bd1 h5 38. Be2 Bc6 39. Bf1 bxc4 40. bxc4 Ne8 41. Bh3 Qc7 42. g4 hxg4 43. Bxg4 Nxd6 44. Bxd6 Qb7 45. Bf3 Nd7 46. h5 g5 47. Bg2 Qb2 48. Ba3 Qf2 49. Bb4 Qh4+ 50. Kg1 Qxh5 51. Qd6 Ba4 52. Kf2 Qh4+ 53. Ke2 Qg3 54. Qe7+ Kg6 55. Qe8+ Kg7 56. Bf8+ Nxf8 57. Qe7+ Kg6 58. Bf3 Qh2+ 59. Kf1 Qh3+ 60. Ke2 Ne6 61. Qb4 Qh2+ 62. Kf1 Qc2 63. Qe7 Qxc4+ 64. Kg2 Qc2+ 65. Kg3 Bb3 66. Bh5+ Kh6 67. Qf7 Nf4 68. Qxf6+ Kxh5 69. Qh8+ Kg6 70. exf4 exf4+ 0-1

[Event "40th Eastman Open Ghent"]
[Site "Ghent"]
[Date "2017.07.15"]
[Round "2.9"]
[White "Hakvoort, Elco"]
[Black "Michielsen, Joost"]
[Result "0-1"]
[WhiteElo "2037"]
[BlackElo "2409"]
[Annotator "NA"]
[PlyCount "72"]
[EventDate "2017.??.??"]
[EventType "swiss"]
[EventCountry "BEL"]
[SourceTitle "playchess.com"]
[Source "ChessBase"]
[SourceQuality "1"]
[TimeControl "7200"]

1. d4 d5 2. Bf4 Nf6 3. e3 c5 4. c3 Nc6 5. Nd2 e6 6. Ngf3 Bd6 7. Bg3 Qe7 8. Ne5 Nd7 9. Bb5 Ndxe5 10. dxe5 Bc7 11. f4 O-O 12. O-O Bd7 13. Bd3 f6 14. exf6 Qxf6 15. Qg4 Qf7 16. e4 c4 17. Bc2 b5 18. e5 Bb6+ 19. Kh1 Ne7 20. Nf3 Nf5 21. Bxf5 Qxf5 22. Qxf5 Rxf5 23. Nd4 Bxd4 24. cxd4 Be8 25. Be1 g5 26. Bd2 gxf4 27. g4 Rf8 28. Rxf4 Rxf4 29. Bxf4 a5 30. a3 Rb8 31. Bd2 b4 32. axb4 axb4 33. b3 Bg6 34. Ra2 Bb1 35. Rb2 Be4+ 36. Kg1 c3 0-1

[Event "40th Eastman Open Ghent"]
[Site "Ghent"]
[Date "2017.07.15"]
[Round "2.10"]
[White "Sarrau, Jelle"]
[Black "Hagendijk, Klaas"]
[Result "1-0"]
[WhiteElo "2363"]
[BlackElo "2029"]
[Annotator "NA"]
[PlyCount "39"]
[EventDate "2017.??.??"]
[EventType "swiss"]
[EventCountry "BEL"]
[SourceTitle "playchess.com"]
[Source "ChessBase"]
[SourceQuality "1"]
[TimeControl "7200"]

1. Nf3 Nf6 2. c4 b6 3. g3 Bb7 4. Bg2 g6 5. O-O Bg7 6. d4 O-O 7. d5 c6 8. Nc3 cxd5 9. cxd5 d6 10. Nd4 Na6 11. Bf4 Nh5 12. Be3 Nc7 13. Qb3 Kh8 14. a4 Rb8 15. Ncb5 a6 16. Na7 Qd7 17. Nac6 Bxc6 18. Nxc6 Rb7 19. Rac1 a5 20. Nxa5 1-0

[Event "40th Eastman Open Ghent"]
[Site "Ghent"]
[Date "2017.07.15"]
[Round "2.11"]
[White "Schriemer, Oene"]
[Black "Van der Stricht, Geert"]
[Result "1/2-1/2"]
[WhiteElo "2005"]
[BlackElo "2358"]
[Annotator "NA"]
[PlyCount "49"]
[EventDate "2017.??.??"]
[EventType "swiss"]
[EventCountry "BEL"]
[SourceTitle "playchess.com"]
[Source "ChessBase"]
[SourceQuality "1"]
[TimeControl "7200"]

1. e4 c5 2. a3 d5 3. exd5 Qxd5 4. Nc3 Qd8 5. Bc4 e6 6. Nf3 Nc6 7. O-O Nf6 8. Re1 Be7 9. d3 O-O 10. h3 a6 11. Bf4 b5 12. Ba2 Bb7 13. Ne5 Bd6 14. Nxf7 Rxf7 15. Bxd6 Qxd6 16. Bxe6 Nd8 17. Bxf7+ Nxf7 18. Ne4 Qb6 19. Nxf6+ Qxf6 20. Qe2 Rf8 21. Qe7 Qc6 22. Qe4 Qc7 23. Qe7 Qc8 24. Re3 Qc6 25. Qe4 1/2-1/2

[Event "40th Eastman Open Ghent"]
[Site "Ghent"]
[Date "2017.07.15"]
[Round "2.12"]
[White "Van Beers, Eddy"]
[Black "Hillebrandt, Remco"]
[Result "1-0"]
[WhiteElo "2312"]
[BlackElo "1980"]
[Annotator "NA"]
[PlyCount "85"]
[EventDate "2017.??.??"]
[EventType "swiss"]
[EventCountry "BEL"]
[SourceTitle "playchess.com"]
[Source "ChessBase"]
[SourceQuality "1"]
[TimeControl "7200"]

1. e4 e5 2. Nf3 Nc6 3. Bc4 Bc5 4. O-O Qe7 5. c3 d6 6. a4 a6 7. d3 Nf6 8. Re1 Ba7 9. Na3 O-O 10. h3 h6 11. d4 Rd8 12. d5 Nb8 13. Nc2 Nbd7 14. b4 Nf8 15. Bf1 g5 16. Nh2 Ng6 17. g3 Kh7 18. Qf3 Rg8 19. Kh1 Bd7 20. Ne3 Bxe3 21. Bxe3 Rg7 22. Ng4 Ng8 23. Bd2 Rf8 24. Ne3 Qf6 25. Qxf6 Nxf6 26. f3 Nh5 27. Kh2 f6 28. c4 Rgf7 29. c5 Ng7 30. g4 Ne8 31. Rec1 h5 32. c6 bxc6 33. dxc6 Bc8 34. Bc4 Rg7 35. b5 axb5 36. Bxb5 Nh4 37. Kg3 f5 38. exf5 Nf6 39. Bc3 hxg4 40. hxg4 Re7 41. a5 e4 42. Bxf6 Rxf6 43. Nd5 1-0

[Event "40th Eastman Open Ghent"]
[Site "Ghent"]
[Date "2017.07.15"]
[Round "2.13"]
[White "Van der Linden, Marco"]
[Black "Abolianin, Arthur"]
[Result "1/2-1/2"]
[WhiteElo "1995"]
[BlackElo "2329"]
[Annotator "NA"]
[PlyCount "85"]
[EventDate "2017.??.??"]
[EventType "swiss"]
[EventCountry "BEL"]
[SourceTitle "playchess.com"]
[Source "ChessBase"]
[SourceQuality "1"]
[TimeControl "7200"]

1. d4 Nc6 2. d5 Ne5 3. f4 Ng6 4. e4 e5 5. dxe6 fxe6 6. Nc3 Bc5 7. Nh3 d6 8. Na4 Bb4+ 9. c3 Ba5 10. b4 Bb6 11. Nxb6 axb6 12. Bd3 Qh4+ 13. Nf2 Nxf4 14. Bb5+ Ke7 15. g3 Qh5 16. Qxh5 Nxh5 17. O-O Nhf6 18. e5 dxe5 19. Re1 Bd7 20. Bf1 Nd5 21. Bb2 Ngf6 22. Rxe5 Rhd8 23. a3 b5 24. c4 bxc4 25. Bxc4 Nb6 26. Bb3 Na4 27. Bc1 Ra6 28. Bf4 Rda8 29. Rc1 Ne8 30. Ne4 Nb2 31. Nc5 Rxa3 32. Bxe6 Bxe6 33. Rxe6+ Kf7 34. Rce1 Nd3 35. Re7+ Kf8 36. Nd7+ Kg8 37. Rxe8+ Rxe8 38. Rxe8+ Kf7 39. Re4 Ra1+ 40. Kg2 Ra2+ 41. Kg1 Ra1+ 42. Kg2 Ra2+ 43. Kg1 1/2-1/2

[Event "40th Eastman Open Ghent"]
[Site "Ghent"]
[Date "2017.07.16"]
[Round "3"]
[White "Chatalbashev, Boris"]
[Black "Verhaeren, Gertjan"]
[Result "1-0"]
[WhiteElo "2552"]
[BlackElo "2067"]
[Annotator "TA"]
[PlyCount "45"]
[EventDate "2017.??.??"]
[EventType "swiss"]
[EventCountry "BEL"]
[SourceTitle "playchess.com"]
[Source "ChessBase"]
[SourceQuality "1"]

{[%evp 16,45,62,8,16,16,36,-1,0,0,76,66,98,96,116,95,91,96,254,247,208,47,139,67,398,14,353,250,829,789,1337,588]} 1. c4 g6 2. e4 d6 3. d4 Nf6 4. Nc3 Bg7 5. Bg5 O-O 6. Qd2 c5 7. d5 e6 8. Bd3 exd5 {E70: King's Indian: Miscellaneous lines with 4 e4, including 5 Nge2 and 5 Bd3 0-0 6 Nge2} 9. exd5 {LiveBook: 10 Games} (9. Nxd5 $14 Be6 10. Nf3) (9. cxd5 Re8 10. Nge2 Nbd7 11. O-O a6 12. a4 Ne5 13. Bc2 Rb8 14. b3 b5 15. axb5 axb5 16. f4 Ned7 17. e5 dxe5 18. f5 c4 19. b4 e4 20. Qf4 {½-½ (56) Morozevich,A (2770)-Topalov,V (2752) Astana 2012}) 9... Re8+ $11 10. Nge2 Nbd7 {The position is equal.} 11. f4 {[%cal Bf2f4,Bf4f5][%mdl 32]} a6 12. O-O Qa5 (12... b5 $11 {remains equal.}) 13. f5 $146 ({Predecessor:} 13. a4 Ng4 14. h3 Ne3 15. Rf3 Nf5 16. Bxf5 gxf5 {1-0 (56) Opinca,S (2201)-Ogleznev,A (2341) Kishinev 2009}) 13... Ng4 14. h3 $36 {[%mdl 2048] White is in control.} (14. fxg6 hxg6 15. Bc2 (15. Qf4 Nde5 $15) 15... Nde5 $11) 14... Nge5 15. f6 Bh8 16. Ng3 h6 $2 (16... Nxd3 $16 17. Qxd3 b5) 17. Bxh6 $18 Nxf6 18. Rf4 $2 ({White must play} 18. Rxf6 $18 Bxf6 19. Nce4) 18... b5 ({Black should try} 18... Qc7 $14) 19. Raf1 (19. cxb5 $6 c4 $11) (19. Rxf6 $1 $16 bxc4 20. Nge4 (20. Rxd6 Qc7 $14) 20... cxd3 21. Raf1 (21. Rxd6 Nc4 $17) (21. Nxd6 Bxf6 22. Nxe8 Bh8 $16)) 19... bxc4 $2 {[%mdl 8192] [#]} ({Black should play} 19... Nh7 $1 $14) 20. Bc2 $2 (20. Bxg6 $1 $18 {[%mdl 512]} fxg6 (20... Nxg6 21. Rxf6) 21. Rxf6 Bxf6 22. Rxf6) 20... Nfd7 $2 {[%mdl 8192]} (20... Nh7 $1 $11 {and Black stays safe.}) 21. Qf2 Nd3 $2 ({But not} 21... f5 $2 {[#]} 22. Nxf5 $1 {[%mdl 512]} Qb6 23. Qg3 $18) (21... Rb8) 22. Bxd3 $1 {Threatens to win with Re4.} cxd3 23. Ra4 {Precision: White = 31%, Black = 22%.} (23. Re4 $142 {[%csl Gf1][%cal Rf2f7]} Rf8 24. Bxf8) 1-0